[Event "34 Open Internacional Ciudad de San Seba"]
[Site "Donostia-San Sebastian"]
[Date "2011.04.23"]
[Round "9"]
[White "Tung, Siu Hung"]
[Black "Aranaz Portugues, Jose Carlos"]
[Result "1-0"]
[WhiteElo "1924"]
[BlackElo "2130"]
[PlyCount "123"]
[EventDate "2011.04.16"]
[EventRounds "9"]
[EventCountry "ESP"]

1. e4 c6 2. d4 d5 3. e5 g6 4. Nf3 c5 5. c3 Bg4 6. Be2 Nc6 7. Nbd2 cxd4 8. cxd4
Qb6 9. h3 Bxf3 10. Nxf3 e6 11. O-O Nge7 12. Bd3 Bg7 13. b3 a5 14. a4 O-O 15.
Ba3 Nb4 16. Bb5 Nec6 17. Qd2 Rfc8 18. Rac1 Bf8 19. Rfd1 Rc7 20. Qf4 Nd3 21.
Rxd3 Bxa3 22. Rb1 Bf8 23. Nh2 Kh8 24. Rbd1 Bg7 25. Ng4 Rf8 26. Nf6 Ne7 27. Nd7
Rxd7 28. Bxd7 Qc7 29. Bb5 f6 30. Rc1 Qb8 31. Qg4 Nf5 32. f4 Qa7 33. Kh1 Nxd4
34. Rdc3 fxe5 35. Rc8 Nf5 36. Rxf8+ Bxf8 37. Qf3 exf4 38. Rc8 Kg7 39. Qc3+ Qd4
40. Qxd4+ Nxd4 41. Rc7+ Kf6 42. Rxb7 h5 43. Bd3 Bb4 44. Rb8 Nxb3 45. Rg8 Nc5
46. Bxg6 Nxa4 47. Bxh5 Nc3 48. Rg6+ Kf5 49. Rg8 e5 50. Bg6+ Kg5 51. Bc2+ Kh6
52. Rg6+ Kh5 53. g4+ fxg3 54. Rxg3 e4 55. Kg2 d4 56. Bb3 d3 57. Kf1 a4 58. Bf7+
Kh4 59. Rg4+ Kxh3 60. Be6 Kh2 61. Rg2+ Kh1 62. Rg3 1-0

[Event "34 Open Internacional Ciudad de San Seba"]
[Site "Donostia-San Sebastian"]
[Date "2011.04.23"]
[Round "9"]
[White "Hilarius, Sander"]
[Black "Perez Cameselle, Francisco"]
[Result "1-0"]
[WhiteElo "2096"]
[BlackElo "1907"]
[PlyCount "77"]
[EventDate "2011.04.16"]
[EventRounds "9"]
[EventCountry "ESP"]

1. d4 Nf6 2. c4 c5 3. d5 e6 4. Nc3 exd5 5. cxd5 d6 6. e4 g6 7. Bd3 Bg7 8. h3
O-O 9. Nf3 Re8 10. O-O Na6 11. Bf4 Nc7 12. Nd2 b6 13. Nc4 Bf8 14. a4 Ba6 15.
Re1 Bxc4 16. Bxc4 a6 17. Qf3 Nd7 18. Qg3 Qe7 19. Rad1 f6 20. Bc1 Ne5 21. Bf1
Qd7 22. f4 Nf7 23. h4 Bg7 24. h5 gxh5 25. Be2 Kh8 26. Bxh5 Rg8 27. Bg4 Qe7 28.
Qh3 b5 29. e5 fxe5 30. Ne4 bxa4 31. Bf5 h6 32. Qh5 Bf8 33. fxe5 Nxe5 34. Bxh6
Qf7 35. Qh3 Nf3+ 36. Kf2 Rg6 37. Bxf8+ Kg8 38. gxf3 Rxf8 39. Bxg6 1-0

[Event "34 Open Internacional Ciudad de San Seba"]
[Site "Donostia-San Sebastian"]
[Date "2011.04.23"]
[Round "9"]
[White "Bottema, Martin"]
[Black "Buiza Prieto, Aizbeltz"]
[Result "1-0"]
[WhiteElo "2074"]
[BlackElo "1905"]
[PlyCount "47"]
[EventDate "2011.04.16"]
[EventRounds "9"]
[EventCountry "ESP"]

1. c4 f5 2. Nf3 Nf6 3. g3 g6 4. Bg2 Bg7 5. d4 d6 6. O-O O-O 7. Nc3 Nc6 8. d5
Ne5 9. Qb3 Nxf3+ 10. Bxf3 Nd7 11. Bg2 Ne5 12. h3 b6 13. Be3 Ba6 14. Nb5 Bb7 15.
Nd4 Bc8 16. Ne6 Bxe6 17. dxe6 b5 18. cxb5 d5 19. Bxd5 c6 20. Bxc6 Nxc6 21. bxc6
Rb8 22. Qc4 Be5 23. Rfd1 Qc7 24. Rd7 1-0

[Event "34 Open Internacional Ciudad de San Seba"]
[Site "Donostia-San Sebastian"]
[Date "2011.04.23"]
[Round "9"]
[White "Newrkla, Katharina"]
[Black "Richet, Clement"]
[Result "1-0"]
[WhiteElo "2055"]
[BlackElo "1901"]
[PlyCount "63"]
[EventDate "2011.04.16"]
[EventRounds "9"]
[EventCountry "ESP"]

1. e4 c5 2. b3 d6 3. Bb2 Nf6 4. Bb5+ Nbd7 5. Nc3 a6 6. Bxd7+ Bxd7 7. f4 e6 8.
Nf3 Bc6 9. d3 Be7 10. O-O O-O 11. Qe2 b5 12. a4 Qb6 13. Kh1 d5 14. exd5 Nxd5
15. Ne5 f6 16. Nxc6 Qxc6 17. Nxd5 Qxd5 18. Rae1 Kf7 19. f5 e5 20. Qh5+ Kg8 21.
Rf3 Qf7 22. Qh4 Rfc8 23. Rh3 h6 24. Bc1 Kf8 25. Rg3 c4 26. bxc4 bxc4 27. d4 Bd6
28. Bxh6 gxh6 29. Qxh6+ Ke8 30. dxe5 Bxe5 31. Rg7 Qxg7 32. Qxg7 1-0

[Event "34 Open Internacional Ciudad de San Seba"]
[Site "Donostia-San Sebastian"]
[Date "2011.04.23"]
[Round "9"]
[White "Alonso Aranzabal, Inigo"]
[Black "Orti Boix, Miquel Lluis"]
[Result "1-0"]
[WhiteElo "2052"]
[BlackElo "1895"]
[PlyCount "173"]
[EventDate "2011.04.16"]
[EventRounds "9"]
[EventCountry "ESP"]

1. e4 c5 2. c3 d5 3. exd5 Qxd5 4. d4 Nf6 5. Nf3 Bg4 6. dxc5 Qxd1+ 7. Kxd1 Nc6
8. Nbd2 O-O-O 9. h3 Bh5 10. g4 Bg6 11. Ke1 e5 12. b4 h6 13. Nh4 Bc2 14. Nf5 Nd5
15. Ne3 Nxe3 16. fxe3 Be7 17. Bc4 Rhf8 18. Rf1 Bf6 19. Bb2 e4 20. Rc1 Bd3 21.
Bxd3 Rxd3 22. Ke2 Bg5 23. Nc4 f6 24. Rcd1 Rfd8 25. Nd6+ Kc7 26. Rxd3 exd3+ 27.
Kxd3 Ne5+ 28. Ke2 b6 29. c4 Nc6 30. Nf7 Re8 31. cxb6+ axb6 32. Nxg5 hxg5 33. a3
Rh8 34. Rh1 Kd6 35. Kd3 Ne7 36. Bd4 Kc7 37. Kc2 Kb7 38. Kb3 Nc6 39. c5 bxc5 40.
Bxc5 Ne5 41. a4 Nxg4 42. Rd1 Ne5 43. b5 Rxh3 44. a5 Rh8 45. a6+ Ka8 46. b6 Nc6
47. Ka4 Ne5 48. Kb5 Re8 49. Rd5 g4 50. b7+ Kb8 51. Bd6+ Ka7 52. Bc5+ Kb8 53.
Be7 g3 54. Rd8+ Rxd8 55. Bxd8 g2 56. Be7 Nd7 57. Kc6 g1=Q 58. Bd6+ Ka7 59. Kxd7
Qg4+ 60. Kd8 Kxa6 61. b8=Q Qh5 62. Qc8+ Kb5 63. Qb7+ Kc4 64. Qb4+ Kd3 65. Qd4+
Ke2 66. e4 Qa5+ 67. Ke7 Qg5 68. Kf7 Qg4 69. Bc5 Qg3 70. Bd6 Qg4 71. Bb4 Qg5 72.
Ke6 Qg4+ 73. Kd5 Qd7+ 74. Kc4 Qc6+ 75. Bc5 Qa4+ 76. Kc3 Qa1+ 77. Kc4 Qa4+ 78.
Bb4 Qc6+ 79. Kb3 Qe6+ 80. Qc4+ Qxc4+ 81. Kxc4 g5 82. Be7 Ke3 83. Kd5 g4 84.
Bxf6 g3 85. Bd4+ Kf4 86. e5 Kf5 87. e6 1-0

[Event "34 Open Internacional Ciudad de San Seba"]
[Site "Donostia-San Sebastian"]
[Date "2011.04.23"]
[Round "9"]
[White "Roldan Riaga, Roberto"]
[Black "Garro Beraza, Julen"]
[Result "1/2-1/2"]
[WhiteElo "2045"]
[BlackElo "1889"]
[PlyCount "45"]
[EventDate "2011.04.16"]
[EventRounds "9"]
[EventCountry "ESP"]

1. e4 c5 2. Nf3 d6 3. d4 cxd4 4. Nxd4 Nf6 5. Nc3 a6 6. Bg5 Nbd7 7. f4 Qc7 8.
Qf3 h6 9. Bh4 g5 10. fxg5 hxg5 11. Bxg5 Qc5 12. Nf5 e6 13. Bxf6 Nxf6 14. Ng3
Qd4 15. Rd1 Qe5 16. Be2 Bd7 17. O-O Be7 18. Qf4 Qc5+ 19. Kh1 O-O-O 20. Qf2 Qe5
21. Qf4 Qc5 22. Qf2 Qe5 23. Qf4 1/2-1/2

[Event "34 Open Internacional Ciudad de San Seba"]
[Site "Donostia-San Sebastian"]
[Date "2011.04.23"]
[Round "9"]
[White "Severri Arrese, Carlos"]
[Black "Juanco Elizari, Felix Javier"]
[Result "1-0"]
[WhiteElo "2013"]
[BlackElo "1890"]
[PlyCount "77"]
[EventDate "2011.04.16"]
[EventRounds "9"]
[EventCountry "ESP"]

1. d4 Nf6 2. Bg5 e6 3. Nf3 c5 4. Bxf6 Qxf6 5. e3 Nc6 6. c3 a6 7. Nbd2 b5 8. Ne4
Qf5 9. Ng3 Qf6 10. Ne4 Qf5 11. Bd3 Qg4 12. dxc5 d5 13. Nd6+ Bxd6 14. cxd6 e5
15. Bxb5 axb5 16. Qxd5 Qd7 17. Nxe5 Nxe5 18. Qxe5+ Kf8 19. O-O f6 20. Qg3 Kf7
21. Rfd1 Bb7 22. Rd4 h5 23. f3 Ra6 24. e4 h4 25. Qf4 g5 26. Qe3 Re8 27. Rad1
Rxa2 28. R4d2 Ra6 29. h3 Re6 30. Qc5 Bc6 31. b3 Re5 32. Qd4 Kg6 33. c4 Qa7 34.
d7 Bxd7 35. Qxa7 Rxa7 36. Rxd7 Ra3 37. Rb7 Rxb3 38. Rdd7 f5 39. Rd6+ 1-0